Statistics for World's largest buildings by type

Click here to take the quiz!

General Stats

  • This quiz has been taken 12 times
  • The average score is 3 of 20

Answer Stats

TypeAnswer% Correct
AirportDubai International Airport
80%
MuseumThe Louvre
40%
BasilicaSt Peter's Basilica
30%
StadiumRungrado May-Day Stadium
20%
All buildings (by volume)Boeing Everett Factory
10%
Religious siteAngkor Wat
10%
MosqueMasjid al-Haram
10%
Parliament buildingPalace of the Parliament
10%
Royal palace (non-residential)Madrid Royal Palace
10%
Bus stationTel Aviv Central Bus Station
10%
CastlePrague Castle
10%
PyramidGreat Pyramid of Cholula
10%
Hemispherical buildingEricsson Globe
10%
CasinoVenetian, Macao
0%
Royal palace (residential)Istana Nurul Iman
0%
Department storeShinsegae Centum City
0%
TelescopeGran Telescopio Canarias
0%
CathedralSeville Cathedral
0%
HotelFirst World Hotel
0%
Nuclear power stationKashiwazaki-Kariwa Nuclear Plant
0%

Score Distribution

Percentile by Number Answered

Percent of People with Each Score

Your Score History

You have not taken this quiz